| 000 | 00621nam a22001695i 4500 | ||
|---|---|---|---|
| 001 | 166479 | ||
| 003 | ES-MaACL | ||
| 005 | 20230906213337.0 | ||
| 008 | 991201s1863 sp |||| |dspa d | ||
| 040 |
_aM-RAJU _bspa _cM-RAJU _dCCPB | B |
||
| 100 | 1 |
_aTorres Caicedo, José María. _9133326 |
|
| 245 | 1 | 0 |
_aEnsayos biográficos y de crítica literaria sobre los principales poetas y literatos hispanoamericanos / _cJ.M. Torres Caicedo. |
| 260 |
_aParis : _bGuillaumin et Cie., _c1863. |
||
| 300 |
_a2 v. ; _c22 cm. |
||
| 650 | 4 |
_aPoetas- _zAmérica- _vBiografías. _9136744 |
|
| 852 |
_aES-MaACL _jF-8077-78 _z-- Enc. hol. |
||
| 999 |
_c166479 _d166479 |
||